000 00382nam a22001577a 4500
003 OSt
008 230510b |||||||| |||| 00| 0 eng d
020 _a9788183225007
082 _a154.2 MUT
100 _aMURPHY,Joseph
245 _aThe Power of Your Subconscious Mind
260 _aNew Delhi
_bOurates
_c2017
300 _a224
650 _aDecentralization
942 _2ddc
_cREF
999 _c12013
_d12013